00353nam a2200109Ia 450000500170000000800410001708200130005824500270007126000700009830000210016850000540018920250408073001.0240331s9999 xx 000 0 und d bPERa100 0aPeriyar Kalanchiyam- 2 aChennaibPeriyar Suyamariyaathaip prasaara niruvan veliyiduc1994 a314 p ., ( V 11) aCollected works of thanthai periyar E.V. Ramasamy